000 00623 a2200193 4500
001 141864
040 _cLeonardo Da Vinci
041 _aPortuguês
082 _ar469 O47d
_bO47d
100 _aOLIVEIRA, H. Maia de
245 _aDicionário brasileiro ilustrado
_bparte 6 - S-Z
250 _a2.ed. parte 6
260 _bEdigraf
_c1968
_aSão Paulo
300 _a544
362 _a19680000
500 _aObra dividida em 6 partes
_aConteúdo: parte 1 (A-B); parte 2 (C-D); parte 3 (E-I); parte 4 (J- N); parte 5 (O-R); parte 6 (S-Z)
697 _aReferência
_aDicionário
_aLíngua Portuguesa
_aPortuguês
942 _cBK
999 _c141864
_d141864